000 01596nkm a2200361 i 4500
001 3208
003 ES-MaACL
005 20260201160230.0
007 khrbo
008 050921s1983 sp --- g |001||spa d
100 0 _aAlfonso,
_d1902-1990
_919858
245 1 0 _aConcierto de Bela Bartok y Carl Orff [
_hFotografía] /
_cAlfonso (sello).
260 _a[S.l. :
_bs.n.],
_c1983.
300 _a4 fot. :
_bb. y n. ;
_c12 x 18 cm.
500 _aDatos basados en invitación.
511 0 _aIntervienen: Ana María Guijarro, Sebastián Mariné, Javier Benet, Juan Pedro Ropero, Conchita San Gregorio, Loreto Sánchez, Armando Lorente, Coro Universitario Gaudeamus, Antonio Lagar, Luis Aguirre.
518 _aActo organizado por la Sección de Música del Ateneo de Madrid, celebrado en el salón de actos el sábado, 21 de mayo de 1983, a las 20:00 h.
600 1 4 _aGuijarro, Ana María.
_960672
600 1 4 _aMariné, Sebastián.
_976836
600 1 4 _aBenet, Javier.
_927533
600 1 4 _aRopero, Juan Pedro.
_999540
600 1 4 _aSánchez, Loreto.
_9102395
600 1 4 _aLorente, Armando.
_974096
600 1 4 _aLagar, Antonio.
_969553
600 0 4 _aAguirre, Luis de
_918836
600 1 4 _aSan Gregorio, Conchita.
_9102236
610 2 4 _aCoro Universitario Gaudeamus (Madrid)
_93308
610 2 4 _aAteneo de Madrid-
_xActos culturales-
_y1983-
_vFotografías.
_91896
710 2 _aAteneo de Madrid.
_bSección de Música.
_92004
852 _aES-MaACL
_jFOT 74/1983
856 4 _uhttp://www.ateneodemadrid.net/biblioteca_digital/imagenes/1983/0074-1983.jpg
_zVer imagen
999 _c3208
_d3208